| 000 | 00437cam a2200181ua 4500 | ||
|---|---|---|---|
| 001 | 3507 | ||
| 008 | 111115n ii |||gr||||Z||||||asm | ||
| 040 | _cMAIN | ||
| 082 | _a491.4 | ||
| 100 | _aSabhapandit, Mahendra, | ||
| 245 | 1 | 1 |
_aNilachal path _cby Mahendra Sabhapandit |
| 250 | _a1st. | ||
| 260 |
_aJorhat: _bAssam sahitya sabha,958. |
||
| 300 | _a144p:5cm. | ||
| 653 | _aAo naga language | ||
| 653 | _aNilachal path | ||
| 942 | _cBK | ||
| 999 |
_c3348 _d3348 |
||